A grammar of the Latin language (Registro nro. 166799)

Detalles MARC
000 -ENCABEZADO
Número de control [NR] 01765nam a2200253 a 4500
008 - DE LONGITUD FIJA DE DATOS DE ELEMENTOS - INFORMACIÓN GENERAL
Elementos de longitud fija [NR] 000401s1847 xxk fr 000 0 eng d
040 ## - FUENTE DE CATALOGACION [NR]
Agencia de catalogación original [NR] SpMaBN
Idioma de catalogación [NR] spa
Quien Cataloga Sandra Yazo (modificó)
Quien Clasifica Sandra Yazo (modificó)
080 04 - NUMERO DE CLASIFICACION DECIMAL UNIVERSAL (CDU) [R]
Número de la Clasificación Decimal Universal [NR] 415
092 ## - SIGNATURA TOPOGRAFICA LOCAL
Número de clasificación local E26N029
100 1# - ASIENTO PRINCIPAL--NOMBRE PERSONAL [NR]
Nombre personal [NR] Zumpt, Carl Gottlob
Fechas asociadas con el nombre [NR] 1792-1849
ID Autoridad 37328
242 04 - TRADUCCION DEL TITULO POR LA AGENCIA CATALOGADORA [R]
Título [NR] Una gramatica de la lengua latina
Mención de responsabilidad, etc. [NR] por C. G. Zumpt ; traducido de la novena edición y adaptada para el uso de los estudiantes de ingles por Leonardo Schmitz ; con numerosas adiciones y correcciones por el autor.
245 12 - MENCION DE TITULO [NR]
Título [NR] A grammar of the Latin language
Mención de responsabilidad, etc. [NR] by C.G. Zumpt ... Translated from the ninth edition of the original and adapted to the use of the English students by Leonhard Schmitz... ; with numerous additions and corrections by the author
250 ## - MENCION DE EDICION [NR]
Mención de edición [NR] 2nd ed.
260 ## - PUBLICACION, DISTRIBUCION, ETC. (PIE DE IMPRENTA) [R]
Lugar de publicación, distribución, etc. [R] London
Nombre del editor, distribuidor, etc. [R] Printed for Longman, Brown, Green, and Longmans
Fecha de publicación, distribución, etc. [R] 1847
300 ## - DESCRIPCION FISICA [R]
Extensión [R] xix, 602, 30 p.
Dimensiones [R] 23 x 15 cm
500 ## - NOTA GENERAL [R]
Nota general [NR] Detalles físicos: Encuadernación rígida en cartón forrada en papel con lomo en cuero y letras en dorado. Anteportada sucia. Texto impreso en una columna sobre papel de buena calidad. Varias notas al pie de página.
505 0# - NOTA DE CONTENIDO CON FORMATO PREESTABLECIDO [R]
Nota de contenido con formato preestablecido [NR] Parte elemental. ; Los accidentes. ; Lista de verbos que son irregulares en la forma perfecta y supina. El uso de los casos. ; Uso de los tiempos. ; Los modos -- Sintaxis ornada: Particularidades en el uso de la parte del discurso. ; Índice.
506 ## - NOTA DE RESTRICCIONES DE ACCESO [R]
Condiciones de acceso [NR] Consulta en sala
650 #7 - ASIENTO SECUNDARIO DE MATERIA - TERMINO TEMATICO [R]
Término temático o nombre geográfico como elemento de entrada [NR] Lengua latina
Subdivisión general [R] Gramática
9 (RLIN) 37329
690 ## - ASUNTO AGREGADO LOCAL DE ENTRADA - TÉRMINO TEMÁTICO (OCLC, RLIN)
Acceso temático local Lingüistica aplicada
700 1# - ASIENTO SECUNDARIO - NOMBRE PERSONAL [R]
Nombre personal [NR] Schmitz, Leonhard
Fechas asociadas con el nombre [NR] 1807 1890
Término de relación [R] traductor
9 (RLIN) 37330
856 41 - LOCALIZACION Y ACCESO ELECTRONICOS [R]
Identificador Uniforme del Recurso (“URI”) [R] <a href="http://bibliotecadigitalhispanica.bne.es:80/webclient/DeliveryManager?pid=2812695&custom_att_2=simple_viewer">http://bibliotecadigitalhispanica.bne.es:80/webclient/DeliveryManager?pid=2812695&custom_att_2=simple_viewer</a>
942 ## - ELEMENTOS DE ENTRADA AGREGADOS (KOHA)
Tipo de ítem principal el descrito en 300a Libro
Edición 1
Sistema de clasificación DEWEY
Clasificación 415
Existencias
Suprimido Perdido Sistema de clasificación Dañado No prestable Tipo de ítem específico Ubicación habitual Ubicación actual Localización Fecha de creación Forma de adquisición Costo Total préstamos Signatura topográfica Código de barras Última vez visto Ejemplar Price effective from Tipo de ítem
    LOCAL     Libro archivo Archivo Histórico Archivo Histórico Archivo histórico 14/05/2013 Donación 0.00   E26N029 L003794 14/05/2013 Ej.1 14/05/2013 Libro